| 000 | 00529nam a22001817a 4500 | ||
|---|---|---|---|
| 999 |
_c4593 _d4593 |
||
| 003 | GBCCL | ||
| 005 | 20241126110522.0 | ||
| 008 | 180125b xxu||||| |||| 00| 0 eng d | ||
| 020 | _a0162854214 | ||
| 040 | _cgbc | ||
| 082 |
_a248.4 _bROB |
||
| 100 |
_aRobinson, Godfrey C. _98473 |
||
| 245 |
_aThe Way: _bA Practical Guide to the Christian Life / _cGodfrey C. Robinson & Stephen F. Winward |
||
| 260 |
_aLondon: _bScripture Union, _c1970 |
||
| 300 |
_a91 p.; _bill., _c19 cm. |
||
| 650 |
_aChristian life _9183 |
||
| 942 |
_2ddc _cBK _02 |
||